quiz de culture sur l'Espagne - Statistiques

Statistiques générales
  • Ce quiz a été pris 236 fois
  • Le résultat moyen est 7 sur 10
Statistiques - réponses
Question Réponse % Correct
le quel de ses monuments est à Barcelone? la sagrada familia
100%
le quel de ces plats est d'origine espagnol la paella
98%
la quelle de ces ville n'est pas espagnol? vitré
98%
le quel de ses nons est une ile espagnole ? les canaries
95%
le quel de ces mots signifie a demain en espagnole? hasta mañana
88%
la quelle de ces marque de luxe n'est pas espagnol? dior
79%
quel est le roi ou la reine d'Espagne en 1920? Alphonse XIII
52%
combien y a t'il d'ile espagnole ? 18
19%
combien ya t'il eu de rois en Espagne entre 1516 et 2022? 29
17%
combien y a t'il eu de guerre en Espagne ? 20
14%
Aucun quiz correspondant
Distribution des résultats
% des personnes avec chaque résultat
Percentile par nombre de réponses
Votre historique - résultats
Vous n’avez pas pris ce quiz